Jak dál s certifikaci?
Nárast počtu certifikovaných organizácií. Certifikát podľa ISO 9001 (systém manažmentu kvality), podľa ISO 14001 (systém environmentálneho manažmentu), podľa OHSAS 18001 (systém manažmentu bezpečnosti a ochrany zdravia pri práci). Tri základné triedy organizácií podľa ich prístupu k implementácii š...
Enregistré dans:
| Auteur principal: | |
|---|---|
| Format: | Chapitre de livre |
| Langue: | tchèque |
| Sujets: | |
| Tags: |
Pas de tags, Soyez le premier à ajouter un tag!
|
MARC
| LEADER | 00000naa$a2200000$$$4500 | ||
|---|---|---|---|
| 001 | 0029214 | ||
| 005 | 20231106122017.4 | ||
| 041 | 0 | |a cze | |
| 044 | |a CZ | ||
| 245 | 1 | 0 | |a Jak dál s certifikaci? |c Marcel Skála |
| 520 | |a Nárast počtu certifikovaných organizácií. Certifikát podľa ISO 9001 (systém manažmentu kvality), podľa ISO 14001 (systém environmentálneho manažmentu), podľa OHSAS 18001 (systém manažmentu bezpečnosti a ochrany zdravia pri práci). Tri základné triedy organizácií podľa ich prístupu k implementácii štandardov: 1. reaktívna organizácia, 2. proaktívna organizácia, 3. organizácia svetovej triedy. Aké metódy riadenia aplikujú organizácie svetovej triedy. Certifikačná spoločnosť Bureau Veritas a auditorská metóda Risk based assessment (RBA). | ||
| 610 | 2 | 0 | |a certifikácia |
| 610 | 2 | 0 | |a certifikáty |
| 610 | 2 | 0 | |a normy ISO |
| 610 | 2 | 0 | |a normy kvality |
| 610 | 2 | 0 | |a normy medzinárodné |
| 610 | 2 | 0 | |a organizácie |
| 610 | 2 | 0 | |a firmy |
| 610 | 2 | 0 | |a bezpečnosť práce |
| 610 | 2 | 0 | |a ochrana zdravia |
| 610 | 2 | 0 | |a ochrana prostredia životného |
| 610 | 2 | 0 | |a zodpovednosť spoločenská |
| 610 | 2 | 0 | |a audit |
| 100 | 1 | |a Skála, Marcel | |